| 000 | 00589nam a2200217 a 4500 | ||
|---|---|---|---|
| 001 | BRL_153 | ||
| 005 | 20190320210619.0 | ||
| 008 | 820913s1957 gw-f#####b---#000-0#ger-# | ||
| 041 | _ager | ||
| 044 | _agw | ||
| 050 | 4 |
_aND553.G3 _b.P38 1957 |
|
| 245 | 1 | 0 |
_aPaul Gauguin _ctext von Robert Goldwater. |
| 260 |
_aAlemania _bDuMont _c1957 |
||
| 300 |
_a142 p. _bil. (algunas a color), láminas _c33 cm. |
||
| 500 | _aAu199 | ||
| 504 | _aBibliografĂa: p. [143] | ||
| 600 | 1 | 4 |
_aGauguin, Paul _d1848-1903 _923056 |
| 700 | 1 |
_aGoldwater, Robert John _923057 |
|
| 902 | _aGRL | ||
| 942 |
_2lcc _cB |
||
| 999 |
_c8966 _d8966 |
||